Trouver les personnages de Frieren - Statistiques

Statistiques générales
  • Ce quiz a été pris 114 fois
  • Le résultat moyen est 7 sur 33
Statistiques - réponses
Hint Réponse % Correct
1 Frieren
99%
5 Fern
88%
6 Stark
87%
2 Himmel
82%
3 Heiter
49%
4 Eisen
48%
7 Flamme
44%
12 Übel
40%
30 Aura
30%
13 Denken
19%
26 Kraft
18%
24 Zérié
14%
27 Lügner
12%
8 Kanne
8%
11 Wirbel
8%
29 Linie
7%
25 Qual
7%
28 Draht
6%
22 Genau
6%
31 Macht
6%
9 Zein
6%
23 Conte Granat
5%
19 Edel
4%
33 Lernen
4%
21 Zenzé
2%
17 Eré
1%
10 Lavine
1%
32 Falsch
0%
16 Lao Fen
0%
20 Natodé
0%
14 Rant
0%
15 Ritcher
0%
18 Sharf
0%
Aucun quiz correspondant
Distribution des résultats
% des personnes avec chaque résultat
Percentile par nombre de réponses
Votre historique - résultats
Vous n’avez pas pris ce quiz